[Event "Los Angeles Academia"]
[Site "Los Angeles"]
[Date "2019.11.10"]
[Round "4"]
[White "Squella Lavin, Carlos Felipe"]
[Black "Miranda Ramirez, Gonzalo Andres"]
[Result "1-0"]
[WhiteElo "2240"]
[BlackElo "1759"]
[PlyCount "61"]
[EventDate "2019.10.20"]
[EventType "tourn"]
[EventRounds "7"]
[EventCountry "CHI"]
[SourceTitle "EXT 2021"]
[Source "ChessBase"]
[SourceDate "2020.10.23"]
[SourceVersion "1"]
[SourceVersionDate "2020.10.23"]
[SourceQuality "1"]

1. Nf3 Nf6 2. g3 g6 3. Bg2 Bg7 4. 0-0 0-0 5. d4 d5 6. c4 c6 7. Bf4 Bg4 8. Ne5 Bf5 9. Nc3 h6 10. Qb3 b6 11. cxd5 cxd5 12. Nxd5 Be6 13. Nxf6+ exf6 14. d5 Bh3 15. Nd3 Bxg2 16. Kxg2 Nd7 17. e4 Re8 18. Rfe1 Rc8 19. Rac1 Rxc1 20. Bxc1 Re7 21. Bd2 Qe8 22. f3 f5 23. Bb4 fxe4 24. Bxe7 exd3 25. Bb4 Qd8 26. Qxd3 Bxb2 27. Bc3 Bxc3 28. Qxc3 Nf6 29. Qc6 Kg7 30. d6 a5 31. Qc7 1-0

[Event "El Salvador Prokuriza Cup"]
[Site "El Salvador"]
[Date "2017.06.25"]
[Round "4"]
[White "Sanchez Sandoval, Gonzalo"]
[Black "Squella Lavin, Carlos Felipe"]
[Result "0-1"]
[WhiteElo "2330"]
[BlackElo "2296"]
[PlyCount "84"]
[EventDate "2017.06.23"]
[EventType "tourn"]
[EventRounds "7"]
[EventCountry "CHI"]
[SourceTitle "CBM 179 Extra"]
[Source "ChessBase"]
[SourceDate "2017.08.23"]
[SourceVersion "1"]
[SourceVersionDate "2017.08.23"]
[SourceQuality "1"]

1. c4 Nf6 2. Nc3 e6 3. e4 d6 4. d4 Nbd7 5. Nf3 c5 6. Be2 Be7 7. 0-0 0-0 8. d5 e5 9. Rb1 Nb6 10. b4 cxb4 11. Rxb4 Bg4 12. Nd2 Bxe2 13. Qxe2 Nfd7 14. a4 Nc5 15. Ba3 Rc8 16. Rfb1 Na6 17. R4b3 Nc5 18. Bxc5 Rxc5 19. Nb5 Nc8 20. Rh3 a6 21. Na3 Nb6 22. Rbb3 Bg5 23. Rbg3 Nxa4 24. Qh5 h6 25. Nf3 Bf4 26. Rg4 Kh8 27. Nh4 Qf6 28. g3 Bc1 29. f4 exf4 30. Nf5 Be3+ 31. Nxe3 fxe3 32. Rf4 Qa1+ 33. Kg2 Qxa3 34. Qe2 Qc1 35. Rxh6+ gxh6 36. Qh5 Qb2+ 37. Kh3 Qg7 38. Rg4 Qf6 39. Rf4 Qg5 40. Qd1 Rxc4 41. Rg4 Qh5+ 42. Kg2 Rc2+ 0-1

[Event "San Fernando U2300"]
[Site "San Fernando"]
[Date "2017.01.27"]
[Round "1.8"]
[White "Weinstein Balmaceda, Tomas"]
[Black "Squella Lavin, Carlos Felipe"]
[Result "0-1"]
[WhiteElo "2032"]
[BlackElo "2185"]
[PlyCount "80"]
[EventDate "2017.01.27"]
[EventType "swiss"]
[EventRounds "6"]
[EventCountry "CHI"]
[SourceTitle "EXT 2024"]
[Source "ChessBase"]
[SourceDate "2023.10.10"]
[SourceVersion "1"]
[SourceVersionDate "2023.10.10"]
[SourceQuality "1"]

1. c4 Nf6 2. Nc3 c6 3. Nf3 d5 4. e3 Bf5 5. cxd5 Nxd5 6. Qb3 Nb6 7. d4 e6 8. Be2 N8d7 9. e4 Bg6 10. Be3 a5 11. a4 Bb4 12. Nd2 0-0 13. 0-0 Qe7 14. f4 c5 15. Bf3 cxd4 16. Bxd4 Nc5 17. Qc2 Rfd8 18. Be3 Rac8 19. Rfe1 Nd3 20. Re2 Nc4 21. Nxc4 Rxc4 22. Bd2 Qc5+ 23. Kf1 Nxb2 24. Qxb2 Bxc3 25. Bxc3 Rxc3 26. Qxb7 Rc1+ 27. Rxc1 Qxc1+ 28. Kf2 Qxf4 29. Qb6 Qh4+ 30. Ke3 Qg5+ 31. Kf2 h6 32. g3 Rd1 33. h4 Qe5 34. Rc2 Rd6 35. Qb8+ Kh7 36. Qa7 Rd3 37. Qb7 Bh5 38. Bxh5 Qxh5 39. e5 Qxe5 40. Qg2 Qe3+ 0-1

[Event "CHI-ch sf"]
[Site "Quilpue"]
[Date "2016.12.18"]
[Round "7"]
[White "Squella Lavin, Carlos Felipe"]
[Black "Estrada Lavin, Cristian Alexan"]
[Result "1-0"]
[WhiteElo "2166"]
[BlackElo "2080"]
[PlyCount "55"]
[EventDate "2016.12.14"]
[EventType "swiss"]
[EventRounds "8"]
[EventCountry "CHI"]
[SourceTitle "EXT 2018"]
[Source "ChessBase"]
[SourceDate "2017.10.13"]
[SourceVersion "1"]
[SourceVersionDate "2017.10.13"]
[SourceQuality "1"]

1. d4 d5 2. c4 e6 3. Nc3 Nf6 4. Nf3 c6 5. g3 Nbd7 6. Bg2 Bd6 7. 0-0 0-0 8. Bf4 Qc7 9. e3 Nh5 10. c5 Bxf4 11. gxf4 g6 12. b4 Ng7 13. a4 a6 14. Qd2 Rb8 15. Rfc1 b5 16. axb5 cxb5 17. Ne5 Nxe5 18. fxe5 Bb7 19. Bh3 Rfd8 20. f4 Ra8 21. Ra5 Kh8 22. Qa2 Rdc8 23. Rc2 Re8 24. c6 Qxc6 25. Nxb5 Qxc2 26. Qxc2 axb5 27. Qc7 Rab8 28. Ra7 1-0

[Event "Wch U20 55th"]
[Site "Bhubaneswar"]
[Date "2016.08.13"]
[Round "6"]
[White "Gheorghiu, Calin"]
[Black "Squella Lavin, Carlos Felipe"]
[Result "1-0"]
[WhiteElo "2343"]
[BlackElo "2203"]
[PlyCount "55"]
[EventDate "2016.08.08"]
[EventType "swiss"]
[EventRounds "13"]
[EventCountry "IND"]
[SourceTitle "CBM 173 Extra"]
[Source "ChessBase"]
[SourceDate "2016.08.29"]
[SourceVersion "1"]
[SourceVersionDate "2016.08.29"]
[SourceQuality "1"]

1. e4 e6 2. d4 d5 3. Nc3 Bb4 4. e5 c5 5. a3 Bxc3+ 6. bxc3 Nc6 7. a4 Qa5 8. Bd2 c4 9. h4 Bd7 10. Qg4 g6 11. h5 Nge7 12. Nh3 h6 13. hxg6 Nxg6 14. Nf4 Nce7 15. Nxg6 fxg6 16. Qf4 0-0-0 17. Rxh6 Rxh6 18. Qxh6 Bxa4 19. Qg7 Kd7 20. Be2 Qb5 21. Bg5 Re8 22. Rc1 Qb2 23. Kd2 Qa3 24. Bg4 Bb3 25. Qf7 Qa6 26. Ra1 Qb6 27. Rxa7 Bxc2 28. Rxb7+ 1-0

[Event "Pan American-ch U20"]
[Site "Guatape"]
[Date "2016.06.25"]
[Round "9"]
[White "Squella Lavin, Carlos Felipe"]
[Black "Heinechen, Juan"]
[Result "1-0"]
[WhiteElo "2221"]
[BlackElo "2080"]
[PlyCount "149"]
[EventDate "2016.06.20"]
[EventType "swiss"]
[EventRounds "9"]
[EventCountry "COL"]
[SourceTitle "EXT 2017"]
[Source "ChessBase"]
[SourceDate "2016.10.25"]
[SourceVersion "1"]
[SourceVersionDate "2016.10.25"]
[SourceQuality "1"]

1. d4 Nf6 2. c4 c5 3. d5 e6 4. Nc3 exd5 5. cxd5 d6 6. Nf3 g6 7. Qa4+ Nbd7 8. Bf4 Qb6 9. Rb1 Bg7 10. Nb5 0-0 11. Bxd6 Re8 12. Bc7 Qa6 13. Qxa6 bxa6 14. Nd6 Rf8 15. Rd1 Nb6 16. Nxc8 Nbxd5 17. Ne7+ Nxe7 18. Bd6 Rfe8 19. Bxc5 Nc6 20. e3 Ne4 21. Bd4 Nxd4 22. Nxd4 Rab8 23. b3 Nc3 24. Rd2 Nxa2 25. Bc4 Nb4 26. 0-0 Rbd8 27. Rfd1 Bf6 28. Nf3 Kg7 29. Rd7 Rxd7 30. Rxd7 Re7 31. Rd6 Rc7 32. g4 Be7 33. Rd1 h6 34. h4 a5 35. Ra1 Nc6 36. Bd5 Nb4 37. Rxa5 Rc5 38. Rxc5 Bxc5 39. Be4 Na2 40. Kg2 Nc3 41. Bc6 Kf6 42. g5+ hxg5 43. hxg5+ Ke6 44. Kg3 a5 45. Nd2 Kd6 46. Bf3 a4 47. bxa4 Nxa4 48. Ne4+ Ke5 49. Bg2 Ba7 50. f4+ Ke6 51. Kf3 Nb2 52. Bh3+ Ke7 53. Nf6 Nc4 54. e4 Na5 55. Bf1 Nc6 56. Bc4 Nd8 57. Kg4 Bd4 58. Nd5+ Kf8 59. Bb5 Kg7 60. Nc7 Bb2 61. Bc4 Kf8 62. Bd5 Bc3 63. Nb5 Bb4 64. f5 gxf5+ 65. Kxf5 Kg7 66. Nd4 Bd2 67. Ne2 Ne6 68. Bxe6 fxe6+ 69. Kg4 Be3 70. Kh5 Kf7 71. Kh6 Bd2 72. Ng1 Bc1 73. Nf3 Bf4 74. e5 Bc1 75. Kh7 1-0

[Event "Pan American-ch U20"]
[Site "Guatape"]
[Date "2016.06.23"]
[Round "6"]
[White "Rosero, Jefferson"]
[Black "Squella Lavin, Carlos Felipe"]
[Result "1/2-1/2"]
[WhiteElo "2090"]
[BlackElo "2221"]
[PlyCount "171"]
[EventDate "2016.06.20"]
[EventType "swiss"]
[EventRounds "9"]
[EventCountry "COL"]
[SourceTitle "EXT 2017"]
[Source "ChessBase"]
[SourceDate "2016.10.25"]
[SourceVersion "1"]
[SourceVersionDate "2016.10.25"]
[SourceQuality "1"]

1. e4 e6 2. d4 d5 3. Nc3 Bb4 4. e5 b6 5. Bd2 Nc6 6. Qg4 Bf8 7. a3 Qd7 8. Be3 Bb7 9. Bd3 Nge7 10. Qf3 Ng6 11. h4 0-0-0 12. Nce2 Qe8 13. Ng3 Be7 14. Qg4 h5 15. Nxh5 Nxh4 16. Bg5 Ng6 17. 0-0-0 Ngxe5 18. dxe5 Nxe5 19. Qg3 f6 20. Nxg7 Qf7 21. Bh6 Rdg8 22. Nf3 Nxd3+ 23. cxd3 Bf8 24. Nd4 Bxg7 25. Bxg7 Rxh1 26. Rxh1 Rxg7 27. Rh8+ Kd7 28. Qh3 Bc8 29. Rh5 c6 30. Rh8 c5 31. Qh2 cxd4 32. Qb8 Rg8 33. Rh7 Qxh7 34. Qxa7+ Kd6 35. Qxh7 Rxg2 36. Qh4 Ke5 37. Qh5+ Kd6 38. Qh8 Ba6 39. Qxf6 Bxd3 40. Qxd4 Be4 41. Qxb6+ Ke5 42. Qc5 Rg1+ 43. Kd2 Rb1 44. a4 Rxb2+ 45. Ke3 Rb3+ 46. Kd2 Rb2+ 47. Ke1 Rc2 48. Qe3 Rc4 49. a5 d4 50. Qg5+ Bf5 51. Qg3+ Ke4 52. a6 Ra4 53. Qb8 Ra1+ 54. Kd2 Ra2+ 55. Kc1 d3 56. Qb7+ Kf4 57. Qc7+ Kg5 58. Qg7+ Kh5 59. Qf7+ Kg4 60. a7 Kf3 61. Qh5+ Kg2 62. Qg5+ Kf1 63. Qe3 d2+ 64. Kd1 Kg2 65. Qg3+ Kf1 66. Qe3 Kg2 67. Qg3+ Kf1 68. f4 Be4 69. Qh3+ Kf2 70. Qh2+ Ke3 71. Qe2+ Kxf4 72. Qc4 Rxa7 73. Kxd2 Rd7+ 74. Ke1 e5 75. Qf1+ Bf3 76. Qc4+ e4 77. Kf2 Rd2+ 78. Ke1 Rg2 79. Kf1 Rg5 80. Kf2 Rg2+ 81. Kf1 Rg5 82. Kf2 Rf5 83. Qc7+ Re5 84. Qf7+ Kg5 85. Ke3 Rf5 86. Qg7+ 1/2-1/2

[Event "Pan American-ch U20"]
[Site "Guatape"]
[Date "2016.06.21"]
[Round "2"]
[White "Albornoz Cabrera, Carlos Daniel"]
[Black "Squella Lavin, Carlos Felipe"]
[Result "1-0"]
[WhiteElo "2471"]
[BlackElo "2221"]
[PlyCount "83"]
[EventDate "2016.06.20"]
[EventType "swiss"]
[EventRounds "9"]
[EventCountry "COL"]
[SourceTitle "EXT 2017"]
[Source "ChessBase"]
[SourceDate "2016.10.25"]
[SourceVersion "1"]
[SourceVersionDate "2016.10.25"]
[SourceQuality "1"]

1. Nf3 Nf6 2. c4 c6 3. Nc3 d5 4. d4 e6 5. Bg5 Nbd7 6. e3 Qa5 7. cxd5 exd5 8. Bd3 Bb4 9. Qc2 0-0 10. 0-0 Re8 11. Nd2 Bd6 12. Rfc1 Qc7 13. Nf3 a6 14. Rab1 h6 15. Bh4 g5 16. Bg3 Bxg3 17. hxg3 b5 18. e4 dxe4 19. Nxe4 Nxe4 20. Bxe4 Bb7 21. Bh7+ Kg7 22. Bf5 Rad8 23. b4 Nb6 24. Bd3 Rd6 25. Qd2 Bc8 26. Rc5 Na4 27. Re5 Rxe5 28. dxe5 Rd8 29. Qe3 c5 30. Qe4 Rh8 31. Rc1 Qe7 32. bxc5 Be6 33. Nd4 Nxc5 34. Rxc5 Qxc5 35. Nxe6+ fxe6 36. Qg6+ Kf8 37. Qf6+ Kg8 38. Qxe6+ Kf8 39. Qf6+ Kg8 40. e6 Qf8 41. Qg6+ Qg7 42. e7 1-0

[Event "CHI-ch"]
[Site "Valdivia"]
[Date "2016.03.04"]
[Round "8"]
[White "Squella Lavin, Carlos Felipe"]
[Black "Sanchez Sandoval, Gonzalo"]
[Result "1/2-1/2"]
[WhiteElo "2249"]
[BlackElo "2249"]
[PlyCount "36"]
[EventDate "2016.02.29"]
[EventType "tourn"]
[EventRounds "11"]
[EventCountry "CHI"]
[SourceTitle "CBM 171 Extra"]
[Source "ChessBase"]
[SourceDate "2016.04.26"]
[SourceVersion "1"]
[SourceVersionDate "2016.04.26"]
[SourceQuality "1"]

1. d4 Nf6 2. c4 g6 3. Nc3 Bg7 4. g3 d5 5. Bg2 dxc4 6. Qa4+ Nfd7 7. Nf3 0-0 8. Qxc4 Nb6 9. Qc5 Na6 10. Qa3 Qd6 11. Qxd6 cxd6 12. 0-0 e5 13. Rd1 Bg4 14. h3 Bd7 15. b3 Bc6 16. Ba3 Rfd8 17. e4 Rac8 18. dxe5 dxe5 1/2-1/2

[Event "CHI-ch sf"]
[Site "Concepcion"]
[Date "2015.12.18"]
[Round "3.2"]
[White "Olivares Olivares, Claudio"]
[Black "Squella Lavin, Carlos Felipe"]
[Result "1/2-1/2"]
[WhiteElo "2308"]
[BlackElo "2175"]
[PlyCount "90"]
[EventDate "2015.12.17"]
[EventType "swiss"]
[EventRounds "7"]
[EventCountry "CHI"]
[SourceTitle "EXT 2024"]
[Source "ChessBase"]
[SourceDate "2023.10.10"]
[SourceVersion "1"]
[SourceVersionDate "2023.10.10"]
[SourceQuality "1"]

1. e4 e6 2. d4 d5 3. Nc3 Bb4 4. e5 c5 5. Bd2 Ne7 6. a3 Bxc3 7. Bxc3 Nbc6 8. Nf3 cxd4 9. Bxd4 Nxd4 10. Qxd4 Qb6 11. Qxb6 axb6 12. Bd3 Bd7 13. 0-0 0-0 14. Rfe1 f6 15. c4 Rfc8 16. Rac1 Ra5 17. cxd5 Rxc1 18. Rxc1 Nxd5 19. exf6 gxf6 20. g3 h6 21. Nd4 Rc5 22. Rc4 Kf7 23. Kf1 Ke7 24. Ke2 Kd6 25. Nc2 Bb5 26. Rxc5 Bxd3+ 27. Kxd3 bxc5 28. a4 Nb6 29. a5 Nd7 30. f4 Kc6 31. Kc4 e5 32. Ne3 exf4 33. gxf4 b5+ 34. Kc3 h5 35. h4 Nf8 36. f5 Nd7 37. Ng2 Ne5 38. b4 Nf3 39. Nf4 Nxh4 40. Nxh5 Nxf5 41. Nxf6 Nd6 42. bxc5 Nb7 43. Kb4 Nxc5 44. Ng4 Nd3+ 45. Kc3 b4+ 1/2-1/2

[Event "Pan American-ch U20"]
[Site "San Salvador"]
[Date "2015.07.18"]
[Round "5"]
[White "Hernandez Sanchez, Jairo Andres"]
[Black "Squella Lavin, Carlos Felipe"]
[Result "1/2-1/2"]
[WhiteElo "2381"]
[BlackElo "2183"]
[PlyCount "52"]
[EventDate "2015.07.16"]
[EventType "swiss"]
[EventRounds "9"]
[EventCountry "ESA"]
[SourceTitle "EXT 2016"]
[Source "ChessBase"]
[SourceDate "2015.10.08"]
[SourceVersion "1"]
[SourceVersionDate "2015.10.08"]
[SourceQuality "1"]

1. e4 e6 2. d4 d5 3. e5 c5 4. c3 Qb6 5. Nf3 Nc6 6. a3 Nh6 7. b4 cxd4 8. Bxh6 gxh6 9. cxd4 Bd7 10. Ra2 Rc8 11. Be2 Bg7 12. 0-0 0-0 13. b5 Na5 14. a4 Rc7 15. Na3 Rfc8 16. Nc2 a6 17. Ne3 h5 18. Qb1 h6 19. Rd1 Rc3 20. Rb2 axb5 21. Bxb5 Qc7 22. h4 Bf8 23. Bxd7 Qxd7 24. Rb5 Nc4 25. Nxc4 R3xc4 26. Rxb7 Qxa4 1/2-1/2

[Event "Pan American-ch U20"]
[Site "San Salvador"]
[Date "2015.07.17"]
[Round "3"]
[White "Mendez, Alan Steven"]
[Black "Squella Lavin, Carlos Felipe"]
[Result "1/2-1/2"]
[WhiteElo "1744"]
[BlackElo "2183"]
[PlyCount "109"]
[EventDate "2015.07.16"]
[EventType "swiss"]
[EventRounds "9"]
[EventCountry "ESA"]
[SourceTitle "EXT 2016"]
[Source "ChessBase"]
[SourceDate "2015.10.08"]
[SourceVersion "1"]
[SourceVersionDate "2015.10.08"]
[SourceQuality "1"]

1. e4 e6 2. d4 d5 3. e5 c5 4. c3 Qb6 5. Nf3 Nc6 6. a3 f6 7. b4 cxd4 8. cxd4 Bd7 9. Nc3 a6 10. Bf4 fxe5 11. dxe5 Nge7 12. Bd3 g6 13. Na4 Qc7 14. Nc5 Bg7 15. Nxd7 Qxd7 16. 0-0 0-0 17. Qd2 Nf5 18. Bxf5 Rxf5 19. Rae1 Raf8 20. g3 Qe7 21. Qe3 Qd8 22. Rd1 h6 23. h4 R8f7 24. Kg2 Bf8 25. Nd4 g5 26. hxg5 hxg5 27. Nxe6 gxf4 28. gxf4 Rg7+ 29. Kf3 Qh4 30. Nxg7 Nxe5+ 31. Kg2 Bxg7 32. Rxd5 Rxf4 33. Rxe5 Qg4+ 34. Kh2 Qh4+ 35. Kg2 Qg4+ 36. Kh2 Qh4+ 37. Kg2 Qg4+ 38. Kh2 Bxe5 39. Qxe5 Qh4+ 40. Kg2 Qg4+ 41. Kh2 Qh4+ 42. Kg2 Qg4+ 43. Kh2 Rf5 44. Qg3 Qxg3+ 45. Kxg3 Rd5 46. Re1 Kf7 47. Kf4 Kf6 48. Re8 a5 49. Rb8 axb4 50. Rxb7 bxa3 51. Rb6+ Ke7 52. Ra6 Rd3 53. Ke4 Rd2 54. Ke3 Ra2 55. Kd4 1/2-1/2

[Event "South America-ch U20 11th"]
[Site "Barrancabermeja"]
[Date "2015.04.25"]
[Round "5"]
[White "Squella Lavin, Carlos Felipe"]
[Black "Noboa Silva, Kevin Omar"]
[Result "1-0"]
[WhiteElo "2245"]
[BlackElo "2011"]
[PlyCount "57"]
[EventDate "2015.04.22"]
[EventType "swiss"]
[EventRounds "9"]
[EventCountry "COL"]
[SourceTitle "CBM 166 Extra"]
[Source "ChessBase"]
[SourceDate "2015.06.18"]
[SourceVersion "1"]
[SourceVersionDate "2015.06.18"]
[SourceQuality "1"]

1. d4 e6 2. c4 Bb4+ 3. Nc3 c5 4. Nf3 Nc6 5. d5 Bxc3+ 6. bxc3 Nce7 7. e4 d6 8. Bd3 e5 9. 0-0 f5 10. exf5 Nf6 11. Ng5 Nxf5 12. f4 e4 13. Nxe4 0-0 14. Ng5 g6 15. g4 Ng7 16. f5 gxf5 17. gxf5 Nfh5 18. Ne6 Bxe6 19. dxe6 Qh4 20. Rb1 b6 21. Rb2 Kh8 22. Rg2 Qf6 23. Kh1 Rg8 24. Bg5 Qe5 25. f6 Qxe6 26. fxg7+ Nxg7 27. Bf6 h6 28. Qd2 Qh3 29. Rg6 1-0

[Event "CHI-ch"]
[Site "Santiago de Chile"]
[Date "2015.02.24"]
[Round "5"]
[White "Valenzuela Gomez, Fernando Alberto"]
[Black "Squella Lavin, Carlos Felipe"]
[Result "1-0"]
[WhiteElo "2261"]
[BlackElo "2203"]
[PlyCount "31"]
[EventDate "2015.02.21"]
[EventType "swiss"]
[EventRounds "9"]
[EventCountry "CHI"]
[SourceTitle "CBM 165 Extra"]
[Source "ChessBase"]
[SourceDate "2015.04.21"]
[SourceVersion "1"]
[SourceVersionDate "2015.04.21"]
[SourceQuality "1"]

1. e4 e6 2. d4 d5 3. Nc3 Bb4 4. a3 Bxc3+ 5. bxc3 c5 6. exd5 Qxd5 7. Nf3 Nc6 8. Bd3 Bd7 9. c4 Qd6 10. dxc5 Qxc5 11. 0-0 Nge7 12. Rb1 Na5 13. Bd2 Nxc4 14. Bb4 Qc7 15. Bxc4 Qxc4 16. Qxd7+ 1-0

[Event "CHI-ch U20"]
[Site "San Carlos"]
[Date "2015.02.13"]
[Round "7"]
[White "Squella Lavin, Carlos Felipe"]
[Black "Garmendia Vega, Gabriel"]
[Result "1-0"]
[WhiteElo "2203"]
[BlackElo "2034"]
[PlyCount "119"]
[EventDate "2015.02.10"]
[EventType "swiss"]
[EventRounds "9"]
[EventCountry "CHI"]
[SourceTitle "CBM 164 Extra"]
[Source "ChessBase"]
[SourceDate "2015.03.02"]
[SourceVersion "1"]
[SourceVersionDate "2015.03.02"]
[SourceQuality "1"]

1. d4 c5 2. d5 f5 3. c4 Nf6 4. Nc3 g6 5. g3 d6 6. Bg2 Bg7 7. Nh3 Na6 8. Nf4 Nc7 9. h4 0-0 10. h5 Qe8 11. a4 a6 12. a5 Bd7 13. Na4 Bxa4 14. Qxa4 Qxa4 15. Rxa4 Kf7 16. h6 Bh8 17. Nh3 Rab8 18. Ng5+ Ke8 19. Bd2 Kd7 20. Bh3 e6 21. Nxe6 Nxe6 22. dxe6+ Kxe6 23. f3 d5 24. Kf2 d4 25. b4 Nd7 26. bxc5 Rfc8 27. Rb1 Rxc5 28. Rab4 Be5 29. e3 dxe3+ 30. Bxe3 Rxa5 31. f4 Ra2+ 32. Kg1 Bd6 33. Rxb7 Rxb7 34. Rxb7 Ra1+ 35. Kh2 Nf6 36. Bd4 Ra2+ 37. Bg2 Rc2 38. Bxf6 Kxf6 39. Rxh7 Rxc4 40. Rd7 Bf8 41. Bd5 Rc2+ 42. Kg1 Rc1+ 43. Kg2 Rc2+ 44. Kf1 g5 45. Rf7+ Kg6 46. Rxf8 gxf4 47. gxf4 Rc5 48. Be6 Kxh6 49. Rxf5 Rc6 50. Re5 Kg6 51. Bd5 Rc1+ 52. Ke2 Kf6 53. Be4 Ra1 54. Rc5 Ra3 55. Rc6+ Ke7 56. Bd3 a5 57. Ke3 Ra4 58. f5 Kd7 59. Ra6 Rh4 60. Be4 1-0